000
00326nam a2200145Ia 4500
008
191201s2010 xx 000 0 und d
082
_a
658MAR
100
_a
RAO, V S P
245
0
_a
Management Text and Cases
250
_a
Rep
260
_a
N. Delhi
_b
Excel Books
_c
2010
300
_a
966
650
_a
MBA
942
_2
ddc
_c
BK
999
_c
5364
_d
5364